|
|
|
|
| LEADER |
00000nrm a22000007a 4500 |
| 001 |
000003 |
| 003 |
UAHC_CL |
| 005 |
20200630113034.0 |
| 008 |
170515b th 00 1 spa |
| 952 |
|
|
|0 0
|1 0
|4 0
|6 CALCULADORA_CIENTIFICA
|7 0
|8 COMP
|9 92163
|a BS
|b BC
|c Reserva
|d 2019-06-21
|e Compra
|l 23
|o CALCULADORA CIENTIFICA
|p 1471073
|r 2026-04-29 17:43:20
|s 2026-04-29
|t 1
|w 2019-06-21
|y OM
|
| 952 |
|
|
|0 0
|1 0
|2 ddc
|4 0
|6 CALCULADORA_CIENTIFICA
|7 0
|8 COMP
|9 92164
|a BC
|b BC
|c Referencia
|d 2019-06-21
|e Compra
|l 68
|o CALCULADORA CIENTIFICA
|p 1471074
|r 2026-04-28 13:12:10
|s 2026-04-28
|t 2
|w 2019-06-21
|y OM
|
| 952 |
|
|
|0 0
|1 0
|4 0
|6 CALCULADORA_CIENTIFICA
|7 0
|8 COMP
|9 92165
|a BC
|b BC
|c Reserva
|d 2019-06-21
|e Compra
|l 54
|m 1
|o CALCULADORA CIENTIFICA
|p 1471075
|r 2026-04-29 17:08:44
|s 2026-04-29
|t 1
|w 2019-06-21
|y OM
|
| 952 |
|
|
|0 0
|1 0
|4 0
|6 CALCULADORA_CIENTIFICA
|7 0
|8 COMP
|9 92166
|a BC
|b BS
|c Referencia
|d 2019-06-21
|e Compra
|l 24
|o CALCULADORA CIENTIFICA
|p 1471076
|q 2024-12-19
|r 2024-12-11 10:52:57
|s 2024-12-11
|t 2
|w 2019-06-21
|y OM
|
| 952 |
|
|
|0 0
|1 0
|4 0
|6 CALCULADORA_CIENTIFICA
|7 0
|8 COMP
|9 92167
|a BC
|b BC
|c Reserva
|d 2019-06-21
|e Compra
|l 35
|m 1
|o CALCULADORA CIENTIFICA
|p 1471077
|r 2026-04-29 17:24:10
|s 2026-04-29
|t 3
|w 2019-06-21
|y OM
|
| 952 |
|
|
|0 0
|1 0
|4 0
|6 CALCULADORA_CIENTIFICA
|7 0
|8 COMP
|9 92168
|a BC
|b BC
|c Reserva
|d 2019-06-21
|e Compra
|l 78
|o CALCULADORA CIENTIFICA
|p 1471078
|q 2026-05-07
|r 2026-04-28 09:45:08
|s 2026-04-28
|t 4
|w 2019-06-21
|y OM
|
| 952 |
|
|
|0 0
|1 0
|4 0
|6 CALCULADORA_CIENTIFICA
|7 0
|8 COMP
|9 92169
|a BC
|b BC
|c Reserva
|d 2019-06-21
|e Compra
|l 60
|m 1
|o CALCULADORA CIENTIFICA
|p 1471079
|q 2026-04-16
|r 2026-04-08 15:01:23
|s 2026-04-08
|t 5
|w 2019-06-21
|y OM
|
| 952 |
|
|
|0 0
|1 0
|4 0
|6 CALCULADORA_CIENTIFICA
|7 0
|8 COMP
|9 92170
|a BC
|b BC
|c Reserva
|d 2019-06-21
|e Compra
|l 4
|o CALCULADORA CIENTIFICA
|p 1471080
|r 2019-10-03 00:00:00
|s 2019-10-03
|t 6
|w 2019-06-21
|y OM
|
| 952 |
|
|
|0 0
|1 0
|2 ddc
|4 0
|6 CALCULADORA_CIENTIFICA
|7 0
|8 COMP
|9 92171
|a BC
|b BC
|c Referencia
|d 2019-06-21
|e Compra
|l 63
|m 1
|o CALCULADORA CIENTIFICA
|p 1471081
|q 2026-05-07
|r 2026-04-28 11:50:43
|s 2026-04-28
|t 1
|w 2019-06-21
|y OM
|
| 952 |
|
|
|0 0
|1 0
|4 0
|6 CALCULADORA_CIENTIFICA
|7 0
|8 COMP
|9 92172
|a BS
|b BS
|c Referencia
|d 2019-06-21
|e Compra
|o CALCULADORA CIENTIFICA
|p 1471082
|r 2019-06-21 00:00:00
|t 2
|w 2019-06-21
|y OM
|
| 952 |
|
|
|0 0
|1 0
|2 ddc
|4 0
|6 CALCULADORA_CIENTIFICA
|7 0
|8 COMP
|9 98318
|a BR
|b BR
|c Referencia
|d 2023-06-12
|e Compra
|g 24990.00
|l 37
|o CALCULADORA CIENTIFICA
|p 1471963
|r 2026-04-29 10:16:47
|s 2024-11-28
|t 3
|w 2019-06-21
|x Factura Mtecno Nº 34
|y OM
|
| 952 |
|
|
|0 0
|1 0
|4 0
|6 CALCULADORA_CIENTIFICA
|7 0
|8 COMP
|9 98319
|a BC
|b BC
|c Reserva
|d 2023-06-12
|e Compra
|g 24990.00
|l 75
|o CALCULADORA CIENTIFICA
|p 1471964
|r 2026-04-29 17:42:52
|s 2026-04-29
|t 4
|w 2019-06-21
|x Factura Mtecno Nº 34
|y OM
|
| 952 |
|
|
|0 0
|1 0
|2 ddc
|4 0
|6 CALCULADORA_CIENTIFICA
|7 0
|8 COMP
|9 98320
|a BR
|b BR
|c Referencia
|d 2023-06-12
|e Compra
|g 24990.00
|l 18
|o CALCULADORA CIENTIFICA
|p 1471965
|r 2026-04-29 10:17:19
|s 2025-11-18
|t 5
|w 2019-06-21
|x Factura Mtecno Nº 34
|y OM
|
| 952 |
|
|
|0 0
|1 0
|2 ddc
|4 0
|6 CALCULADORA_CIENTIFICA
|7 0
|8 COMP
|9 98321
|a BR
|b BR
|c Referencia
|d 2023-06-12
|e Compra
|g 24990.00
|l 38
|o CALCULADORA CIENTIFICA
|p 1471966
|r 2026-04-29 10:17:08
|s 2025-12-03
|t 6
|w 2019-06-21
|x Factura Mtecno Nº 34
|y OM
|
| 952 |
|
|
|0 0
|1 0
|2 ddc
|4 0
|6 CALCULADORA_CIENTIFICA
|7 0
|8 COMP
|9 98322
|a BR
|b BR
|c Referencia
|d 2023-06-12
|e Compra
|g 24990.00
|l 50
|o CALCULADORA CIENTIFICA
|p 1471967
|r 2026-04-29 10:16:34
|s 2025-12-03
|t 7
|w 2019-06-21
|x Factura Mtecno Nº 34
|y OM
|
| 999 |
|
|
|c 52164
|d 52164
|
| 035 |
|
|
|a CENTRAL
|
| 040 |
|
|
|a UAHC_CL
|c UAHC_CL
|d UAHC_CL
|
| 100 |
|
|
|9 8137
|a Casio Computer Co.
|
| 245 |
1 |
0 |
|a Calculadora Casio fx-570MS
|c Casio Computer Co.
|
| 260 |
|
|
|a Tailandia:
|b Casio,
|c 2012.
|
| 300 |
|
|
|b Calculadora + 1 manual de uso
|
| 520 |
|
|
|a Calculadora científica. 401 functions. Matrix / Vector Calculations
|
| 650 |
|
0 |
|9 8136
|a Máquinas calculadoras
|
| 942 |
|
|
|c OM
|